00481nam a2200193 a 4500001001300000003000900013005001700022008004100039020001000080082001600090100001900106245002600125260005000151300000900201500003500210505001000245650001300255700001900268nice12345678IN_TiNIC20260116011254.0050524s1907 cama grp 000 0 eng  ac10000a909.07bSTE aStevenson, W B aCrusaders in the East aCambridge bCambridge University Press c1907 a387p aincludes index and biblioraphy2 aIndex aCrusades1 aStevenson, W B